| 000 | 01365nam0a2200361 4500 | ||
|---|---|---|---|
| 001 | RU\NLR\bibl\1799411 | ||
| 005 | 20260406002341.0 | ||
| 010 |
_a978-5-295-05277-4 _93000 |
||
| 021 |
_aRU _b2011-54816 _93905 |
||
| 035 | _a(nilc)RSL-KNO-004974826 | ||
| 035 | _a(NLR Aleph) 001790084 | ||
| 090 |
_a1751802 _c1751802 |
||
| 100 | _a20110718d2011 |||y0rusy50 ca | ||
| 101 | 0 | _arus | |
| 102 | _aRU | ||
| 105 | _aa ||||||||| | ||
| 200 | 1 |
_aПристань поколений. История Стерлитамака _f[авт. текста: Морозова Т. П.] |
|
| 210 |
_aУфа _cКитап _d2011 |
||
| 215 |
_a407, [1] с. _cил., портр., цв. ил. _d30 |
||
| 300 | _aАвт. указан на обороте тит. л. | ||
| 320 | _aБиблиогр.: с. 406-407 | ||
| 517 | 0 | _aИстория Стерлитамака | |
| 607 |
_aСтерлитамак, город (Башкирия) _xИстория _91686157 _3RU\NLR\auth\661047726 |
||
| 686 |
_aТ3(2Р-6Б-5Ст-2Ст)0,02 _2rubbk |
||
| 686 | _aТ3(2Р-6Б-2С) | ||
| 700 | 1 |
_4070 _7ca _8rus _aМорозова _bТ. П. _cжурналист _gТатьяна Петровна _994814 _3RU\NLR\auth\77111889 |
|
| 801 | 0 |
_aRU _bRuMoRKP _c20110718 _grcr |
|
| 801 | 1 |
_aRU _bРГБ _c20110718 |
|
| 801 | 2 |
_aRU _bNLR _c20110817 _grcr |
|
| 942 | _cBOOK | ||
| 980 | _aNB | ||
| 980 | _aNBR | ||